000
00283nam a2200121Ia 4500
008
190902s9999||||xx |||||||||||||| ||und||
020
_a
0-19-551152-2
100
_a
Roger Ailes
245
0
_a
You Are The Message
260
_a
London
_b
Prentice Hall
_c
1988
300
_a
224
942
_c
BK
999
_c
2876
_d
2876